000 00333 a2200157 4500
001 182808
020 _a
040 _cMagnum
100 _aMalba Tahan
240 1 0 _aMil histórias sem fim - v.2
_lpor
245 1 0 _aMil histórias sem fim - v.2
300 _a222
362 0 _a1963
697 _aLITERATURA GERAL
942 _cBK
999 _c182808
_d182808